Visualizzazione normale
Vista MARC
- X. Gestermann
di Personal Name
Records bibliografici associati: 1
001 - CONTROL NUMBER
- control field: 34261
003 - CONTROL NUMBER IDENTIFIER
- control field: IT-RoPau
005 - DATE AND TIME OF LATEST TRANSACTION
- control field: 20150502224217.0
008 - FIXED-LENGTH DATA ELEMENTS
- fixed length control field: 150502|| aca||aabn | a|a d
040 ## - CATALOGING SOURCE
- Original cataloging agency: IT-RoPau
- Transcribing agency: IT-RoPau
100 ## - HEADING--PERSONAL NAME
- Personal name: X. Gestermann
670 ## - SOURCE DATA FOUND
- Source citation: Work cat.: (IT-RoPau)7907: Cl. Marc 34160, S. Alphonsi Mariae de Liguoro. Doctrina moralis (vol. I)